[Event "IECC CL5-2008.08 email"]
[Site "IECC email"]
[Date "2008.06.15"]
[Round "?"]
[White "Voom, Bart"]
[Black "Albesa, Alfredo Ricardo"]
[Result "1/2-1/2"]
[WhiteElo "1393"]
[BlackElo "1466"]
[PlyCount "31"]
[EventDate "2008.??.??"]
[EventType "tourn (corr)"]
[EventRounds "4"]
[SourceTitle "Corr 2013"]
[Source "ChessBase"]
[SourceDate "2012.11.12"]
[SourceVersion "1"]
[SourceVersionDate "2012.11.12"]
[SourceQuality "1"]
[WhiteTeam "Netherlands"]
[BlackTeam "Argentina"]
[WhiteTeamCountry "NED"]
[BlackTeamCountry "ARG"]

1. e4 c5 2. Nf3 d6 3. d4 cxd4 4. Nxd4 Nf6 5. Nc3 a6 6. Be3 e5 7. Nf3 Be7 8. Bc4 0-0 9. 0-0 Be6 10. Bb3 Re8 11. Bg5 Nbd7 12. Re1 Bxb3 13. axb3 h6 14. Bxf6 Nxf6 15. Nd5 Nxd5 16. Qxd5 1/2-1/2